Mannu-bhandari ke katha sahitya mein manavjivan ki samasyavo ka nirupan (Record no. 136825)

MARC details
000 -LEADER
fixed length control field 01028nam a2200313Ia 4500
003 - CONTROL NUMBER IDENTIFIER
control field OSt
005 - DATE AND TIME OF LATEST TRANSACTION
control field 20260409125150.0
008 - FIXED-LENGTH DATA ELEMENTS--GENERAL INFORMATION
fixed length control field 210210b2008 xxu||||| |||| 00| 0 eng d
040 ## - CATALOGING SOURCE
Transcribing agency AL
041 ## - LANGUAGE CODE
Language code of text/sound track or separate title Hindi
082 ## - DEWEY DECIMAL CLASSIFICATION NUMBER
Classification number H891.309 MEHM
100 ## - MAIN ENTRY--PERSONAL NAME
Personal name MEHRA (Dilip)
Dates associated with a name मेहरा (दिलीप)
9 (RLIN) 261099
245 ## - TITLE STATEMENT
Title Mannu-bhandari ke katha sahitya mein manavjivan ki samasyavo ka nirupan
Remainder of title मन्नू-भंडारी के कथा साहित्य में मानवजीवन की समस्याओं का निरूपण
260 ## - PUBLICATION, DISTRIBUTION, ETC.
Place of publication, distribution, etc. Vidwanagar
Name of publisher, distributor, etc. Darpana Prakashana
Date of publication, distribution, etc. 2008
300 ## - PHYSICAL DESCRIPTION
Extent 252
650 ## - SUBJECT ADDED ENTRY--TOPICAL TERM
Topical term or geographic name entry element samasyavo
9 (RLIN) 261100
650 ## - SUBJECT ADDED ENTRY--TOPICAL TERM
Topical term or geographic name entry element sahitya
9 (RLIN) 261101
650 ## - SUBJECT ADDED ENTRY--TOPICAL TERM
Topical term or geographic name entry element nirupan
9 (RLIN) 261102
650 ## - SUBJECT ADDED ENTRY--TOPICAL TERM
Topical term or geographic name entry element mein
9 (RLIN) 261103
650 ## - SUBJECT ADDED ENTRY--TOPICAL TERM
Topical term or geographic name entry element Mannu-bhandari
9 (RLIN) 261104
650 ## - SUBJECT ADDED ENTRY--TOPICAL TERM
Topical term or geographic name entry element manavjivan
9 (RLIN) 261105
650 ## - SUBJECT ADDED ENTRY--TOPICAL TERM
Topical term or geographic name entry element ki
9 (RLIN) 261106
650 ## - SUBJECT ADDED ENTRY--TOPICAL TERM
Topical term or geographic name entry element ke
9 (RLIN) 261107
650 ## - SUBJECT ADDED ENTRY--TOPICAL TERM
Topical term or geographic name entry element katha
9 (RLIN) 261108
650 ## - SUBJECT ADDED ENTRY--TOPICAL TERM
Topical term or geographic name entry element ka
9 (RLIN) 261109
690 ## - LOCAL SUBJECT ADDED ENTRY--TOPICAL TERM (OCLC, RLIN)
Topical term or geographic name as entry element Hindi Criticism
9 (RLIN) 261110
906 ## - LOCAL DATA ELEMENT F, LDF (RLIN)
a 063515
942 ## - ADDED ENTRY ELEMENTS (KOHA)
Source of classification or shelving scheme Dewey Decimal Classification
Koha item type Book
Holdings
Withdrawn status Lost status Source of classification or shelving scheme Damaged status Not for loan Collection code Home library Current library Shelving location Date acquired Source of acquisition Cost, normal purchase price Total Checkouts Full call number Barcode Date last seen Price effective from Koha item type
    Dewey Decimal Classification     Hindi St Aloysius Library St Aloysius Library   02/17/2021 Alka Prakashan Kanpur-208007 590.00   H891.309 MEHM 063515 02/17/2021 02/17/2021 Book